Ciudades más pobladas de la OTAN - Estadísticas

Estadísticas generales
  • Esta prueba ha sido intentada 85 veces
  • La puntuación promedio es 13 de 15
Respuestas en el mapa
Las respuestas están codificadas por una escala verde-roja en el mapa de la prueba según el % correcto abajo.
 
Estadísticas de respuestas
Respuesta % Correcto
Madrid 3.22 Millones
99%
Paris 2.16 Millones
99%
Roma 2.87 Millones
99%
Londres 8.98 Millones
98%
Berlin 3.64 Millones
96%
Nueva York 8.34 Millones
96%
Estambul 15.46 Millones
94%
Varsovia 1.76 Millones
94%
Los Angeles 3.98 Millones
90%
Bucarest 1.84 Millones
86%
Budapest 1.75 Millones
85%
Chicago 2.69 Millones
79%
Hamburgo 1.84 Millones
69%
Houston 2.31 Millones
64%
Phoenix 1.62 Millones
50%
No se encontraron pruebas coincidentes
Distribución de puntuación
Porcentaje de gente con cada puntuación
Porcentaje por número respondido
Historial de tus puntuaciones
No has intentado esta prueba.